| 000 -LEADER | |
|---|---|
| fixed length control field | 00472nam a22001817a 4500 |
| 005 - DATE AND TIME OF LATEST TRANSACTION | |
| control field | 20250420134815.0 |
| 008 - FIXED-LENGTH DATA ELEMENTS--GENERAL INFORMATION | |
| fixed length control field | 200804b ||||| |||| 00| 0 eng d |
| 020 ## - INTERNATIONAL STANDARD BOOK NUMBER | |
| International Standard Book Number | 9781632401106 |
| 040 ## - CATALOGING SOURCE | |
| Transcribing agency | KCST |
| 082 ## - DEWEY DECIMAL CLASSIFICATION NUMBER | |
| Classification number | 006.6 |
| Item number | Co |
| 245 ## - TITLE STATEMENT | |
| Title | Computer graphics handbook / |
| Statement of responsibility, etc. | Niceto Salazar |
| 260 ## - PUBLICATION, DISTRIBUTION, ETC. | |
| Place of publication, distribution, etc. | NJ: |
| Name of publisher, distributor, etc. | Clanrye international; |
| Date of publication, distribution, etc. | 2015. |
| 300 ## - PHYSICAL DESCRIPTION | |
| Extent | 260 p. |
| 650 ## - SUBJECT ADDED ENTRY--TOPICAL TERM | |
| Topical term or geographic name entry element | Computer graphics. |
| 9 (RLIN) | 406 |
| 700 ## - ADDED ENTRY--PERSONAL NAME | |
| Personal name | Salazar, Niceto |
| Relator term | editor |
| 9 (RLIN) | 4867 |
| 942 ## - ADDED ENTRY ELEMENTS (KOHA) | |
| Koha item type | Book |
| 942 ## - ADDED ENTRY ELEMENTS (KOHA) | |
| Source of classification or shelving scheme | Dewey Decimal Classification |
| Withdrawn status | Lost status | Source of classification or shelving scheme | Damaged status | Not for loan | Home library | Current library | Date acquired | Cost, normal purchase price | Total checkouts | Full call number | Barcode | Date last seen | Price effective from | Koha item type |
|---|---|---|---|---|---|---|---|---|---|---|---|---|---|---|
| Dewey Decimal Classification | KCST Library | KCST Library | 04/08/2020 | 37.18 | 006.6 Co | 1000000400 | 04/08/2020 | 04/08/2020 | Handbook |